000 00664nam a2200217 i 4500
003 DO-SdBNP
005 20231113121755.0
006 a||||br|||| 00| 0
007 ta
008 230703e2017 dr a|||| |||| 00| j spa d
040 _aDO-SdBNP
_bspa
_cBNPHU
_erda
245 1 0 _aCuenta ovejas /
_cGalásky S. ; ilustración, Gabriel Núñez
264 1 _aSanto Domingo :
_bSteam,
_c2017.
300 _a23 páginas :
_bilustracioones ;
_c21 cm.
336 _2rdaconten
_atexto
_btxt
337 _2rdamedia
_asin medición
_bn
338 _2rdacarrier
_avolumen
_bnc
590 _aInventariado 2023 / MF
700 1 _974324
_aNúñez, Gabriel,
_eilustrador
942 _2ddc
_cLF2
999 _c54044
_d54044